<?xml version="1.0" encoding="UTF-8"?>
<record
    xmlns:xsi="http://www.w3.org/2001/XMLSchema-instance"
    xsi:schemaLocation="http://www.loc.gov/MARC21/slim http://www.loc.gov/standards/marcxml/schema/MARC21slim.xsd"
    xmlns="http://www.loc.gov/MARC21/slim">

  <leader>01798nam a22002057a 4500</leader>
  <controlfield tag="008">121119t        xxu||||| |||| 00| 0 eng d</controlfield>
  <datafield tag="020" ind1=" " ind2=" ">
    <subfield code="a">0766831647</subfield>
  </datafield>
  <datafield tag="050" ind1=" " ind2=" ">
    <subfield code="a">KF240.B27</subfield>
  </datafield>
  <datafield tag="100" ind1=" " ind2=" ">
    <subfield code="a">Bast, Carol.</subfield>
  </datafield>
  <datafield tag="245" ind1=" " ind2=" ">
    <subfield code="a">Foundations of legal research and writing. /</subfield>
    <subfield code="c">Carol Bast</subfield>
  </datafield>
  <datafield tag="250" ind1=" " ind2=" ">
    <subfield code="a">2nd ed.</subfield>
  </datafield>
  <datafield tag="260" ind1=" " ind2=" ">
    <subfield code="a">Australia:</subfield>
    <subfield code="b">Thomson,</subfield>
    <subfield code="c">2001.</subfield>
  </datafield>
  <datafield tag="300" ind1=" " ind2=" ">
    <subfield code="a">xx,628 p. :</subfield>
    <subfield code="b">ill.;</subfield>
    <subfield code="c">27cm.</subfield>
  </datafield>
  <datafield tag="500" ind1=" " ind2=" ">
    <subfield code="a">Includes index.</subfield>
  </datafield>
  <datafield tag="505" ind1=" " ind2=" ">
    <subfield code="a">Contents: Law and sources of law -- Legal reasoning and analysis -- Secondary sources and finding tools -- The judicial branch and cases -- Primary sources: Constitutions, statutes, court rules and administrative law -- Citations -- Overview of the research process -- Computer - assisted legal research -- The internet in a nutshell -- Cyberlaw: Using the internet as a legal research tool -- Introduction to legal writing -- Transmittal letter and client opinion letter -- Writing contracts -- Pleadings -- Law office memo -- Memorandum of law -- Appellate brief --  Appendix A: Search and seizure --  Appendix B: Citation rules -- Appendix C: Rules for quotations and short form citations --  Appendix D: Mechanical errors --  Appendix E: Problems -- Appendix F: Web bibliography -- Appendix G: Inernet terminology -- Appendix H: Bibliography evaluative criteria web sites -- Appendix I:  Legal research ''starting points'' -- Appendix J: Fedral law resources -- Appendix K: State and local resources -- Appendix L: International law resources --  Appendix M:  Commercial legal information web sites -- Appendix N: Topical index of legal and government web sites --  Appendix O: Law - related internet discussion groups (lists).</subfield>
  </datafield>
  <datafield tag="650" ind1=" " ind2=" ">
    <subfield code="a">Legal research     </subfield>
    <subfield code="x"> United States. </subfield>
  </datafield>
  <datafield tag="650" ind1=" " ind2=" ">
    <subfield code="a">Legal composition.</subfield>
  </datafield>
  <datafield tag="700" ind1=" " ind2=" ">
    <subfield code="a">Hawkins, Margie.</subfield>
  </datafield>
  <datafield tag="942" ind1=" " ind2=" ">
    <subfield code="2">lcc</subfield>
    <subfield code="c">BK</subfield>
  </datafield>
  <datafield tag="999" ind1=" " ind2=" ">
    <subfield code="c">2549</subfield>
    <subfield code="d">10049</subfield>
  </datafield>
  <datafield tag="952" ind1=" " ind2=" ">
    <subfield code="0">0</subfield>
    <subfield code="1">0</subfield>
    <subfield code="2">lcc</subfield>
    <subfield code="4">0</subfield>
    <subfield code="7">0</subfield>
    <subfield code="a">WIUC-1</subfield>
    <subfield code="b">WIUC-1</subfield>
    <subfield code="c">REF</subfield>
    <subfield code="d">2012-11-19</subfield>
    <subfield code="l">0</subfield>
    <subfield code="o">KF240.B27</subfield>
    <subfield code="p">6764/12</subfield>
    <subfield code="r">2012-11-19 00:00:00</subfield>
    <subfield code="t">1</subfield>
    <subfield code="w">2012-11-19</subfield>
    <subfield code="y">BK</subfield>
  </datafield>
  <datafield tag="952" ind1=" " ind2=" ">
    <subfield code="0">0</subfield>
    <subfield code="1">0</subfield>
    <subfield code="2">lcc</subfield>
    <subfield code="4">0</subfield>
    <subfield code="7">0</subfield>
    <subfield code="a">WIUC-1</subfield>
    <subfield code="b">WIUC-1</subfield>
    <subfield code="c">REF</subfield>
    <subfield code="d">2012-11-20</subfield>
    <subfield code="l">0</subfield>
    <subfield code="o">KF240.B271</subfield>
    <subfield code="p">6828/12</subfield>
    <subfield code="r">2012-11-20 00:00:00</subfield>
    <subfield code="t">2</subfield>
    <subfield code="w">2012-11-20</subfield>
    <subfield code="y">BK</subfield>
  </datafield>
</record>
